书目信息 |
| 题名: |
别对我撒谎
|
|
| 作者: | 梦雪 编著 | |
| 分册: | ||
| 出版信息: | 北京 台海出版社 2011.8 |
|
| 页数: | 246页 | |
| 开本: | 24cm | |
| 丛书名: | ||
| 单 册: | ||
| 中图分类: | C912.69 | |
| 科图分类: | ||
| 主题词: | 谎言--鉴别--通俗读物 , 谎言 | |
| 电子资源: | ||
| ISBN: | 978-7-80141-844-9 | |
| 000 | 00915nam0 2200253 45 | |
| 001 | 1360563187 | |
| 005 | 20130531101255.78 | |
| 010 | @a978-7-80141-844-9@dCNY32.00 | |
| 100 | @a20130513d2011 em y0chiy50 ea | |
| 101 | 0 | @achi |
| 102 | @aCN@b110000 | |
| 105 | @aa z 000yy | |
| 106 | @ar | |
| 200 | 1 | @a别对我撒谎@ABie Dui Wo Sa Huang@e深度破解人类的谎言@EShen Du Po Jie Ren Lei De Huang Yan@f梦雪编著@FMeng Xue Bian Zhu |
| 210 | @a北京@c台海出版社@d2011.8 | |
| 215 | @a246页@c图,照片@d24cm | |
| 330 | @a本书用一个个真实存在的案例,向读者充分展示现实生活中说谎的人的内心世界,使读者能够比较容易的辨识那些人类的谎言,了解人类说谎的深层次原因。 | |
| 517 | 1 | @a深度破解人类的谎言@AShen Du Po Jie Ren Lei De Huang Yan |
| 606 | 0 | @a谎言@x鉴别@j通俗读物 |
| 606 | 0 | @a谎言 |
| 690 | @aC912.69@v5 | |
| 701 | 0 | @a梦雪@AMeng Xue@4编著 |
| 801 | @aCN@bTANGWEI@c20130523 | |
| 905 | @b0835516-19@dC912.69@e818@f4 | |
| 别对我撒谎:深度破解人类的谎言/梦雪编著.-北京:台海出版社,2011.8 |
| 246页:图,照片;24cm |
| ISBN 978-7-80141-844-9:CNY32.00 |
| 本书用一个个真实存在的案例,向读者充分展示现实生活中说谎的人的内心世界,使读者能够比较容易的辨识那些人类的谎言,了解人类说谎的深层次原因。 |
| ● |
| 相关链接 |
|
|
|
|
正题名:别对我撒谎
索取号:C912.69/818
 
预约/预借
| 序号 | 登录号 | 条形码 | 馆藏地/架位号 | 状态 | 备注 |
| 1 | 0835516 | 208355162 | 第一样本阅览室/ [索取号:C912.69/818] | 在馆 | |
| 2 | 0835517 | 208355171 | 第一借阅区/ [索取号:C912.69/818] | 在馆 | |
| 3 | 0835518 | 208355180 | 第一借阅区/ [索取号:C912.69/818] | 在馆 | |
| 4 | 0835519 | 208355199 | 第一借阅区/ [索取号:C912.69/818] | 在馆 |